01084cam a22003374i 4500003000900000005001700009008004100026035002000067040003300087082001700120100003600137245004500173264003400218300003900252336002100291337002500312338002300337505027500360526001000635526001000645526001000655526001000665526000800675526000800683526000800691526000800699526000800707526000800715526000800723650001500731PE-LiUPU20250731172931.0 s1965 xxu gr 000 0 eng d a(Sirsi) a204403 aPE-LiUPUbspacPE-LiUPUerda04a231bL742211 aLloyd-jones, D. Martyn,eautor.10aFaith on trial /cD. Martyn Lloyd-jones. 1aMichigan :bEerdamans,c1965. a125 páginas ;c20 centímetros. atext2rdacontent aunmediated2rdamedia avolume2rdacarrier2 aThe problem stated -- Getting a foot-hold -- The importance of spiritual thinking -- Facing all the facts -- Beginning to understan -- Self-examination -- Spiritual allergy -- Nevertheless -- The final perseverance of the saint -- The rock of ages -- The new resolution. aSEG42 aSEG41 aSEG40 aSEG39 aP94 aP87 aP86 aP85 aP77 aP76 aP3504aJuicioxFe